Beberapa aspek non-ekonomis dalam perentjanaan pembangunan ekonomi, (Record no. 88144)

MARC details
000 -LEADER
fixed length control field 00701cam a22002171 4500
001 - CONTROL NUMBER
control field sa 68018053
003 - CONTROL NUMBER IDENTIFIER
control field DLC
005 - DATE AND TIME OF LATEST TRANSACTION
control field 20260227112708.0
008 - FIXED-LENGTH DATA ELEMENTS--GENERAL INFORMATION
fixed length control field 721109s1966 xx 000 0 ind
010 ## - LIBRARY OF CONGRESS CONTROL NUMBER
LC control number sa 68018053
035 ## - SYSTEM CONTROL NUMBER
System control number (OCoLC)491478
040 ## - CATALOGING SOURCE
Original cataloging agency DLC
Transcribing agency OAU
Modifying agency DLC
050 00 - LIBRARY OF CONGRESS CALL NUMBER
Classification number HC447
Item number .S586
100 1# - MAIN ENTRY--PERSONAL NAME
Personal name Soemardjan, Selo.
245 10 - TITLE STATEMENT
Title Beberapa aspek non-ekonomis dalam perentjanaan pembangunan ekonomi,
Statement of responsibility, etc. oleh Selo Sumardjan.
260 ## - PUBLICATION, DISTRIBUTION, ETC.
Place of publication, distribution, etc. Djakarta,
Name of publisher, distributor, etc. Lembaga Ekonomi dan Kemasjarakatan Nasional,
Date of publication, distribution, etc. 1966.
300 ## - PHYSICAL DESCRIPTION
Extent 24 l.
Dimensions 27 cm.
500 ## - GENERAL NOTE
General note Cover title.
651 #0 - SUBJECT ADDED ENTRY--GEOGRAPHIC NAME
Geographic name Indonesia
General subdivision Economic policy.
610 10 - SUBJECT ADDED ENTRY--CORPORATE NAME
Corporate name or jurisdiction name as entry element Jakarta (Indonesia).
Subordinate unit Lembaga Ekonomi dan Kemasjarakatan Nasional.

No items available.

Powered by Koha